All 10k+ cities in Maine on a Map - Statistics

General Stats
  • This quiz has been taken 174 times
  • The average score is 11 of 22
Answers on the Map
Answers color-coded by a green-red scale on the quiz's map according to % correct below.
 
Answer Stats
City Population % Correct
Portland 68,408
99%
Bangor 31,753
91%
Augusta 18,899
88%
Lewiston 37,121
79%
South Portland 26,498
79%
Auburn 24,061
54%
Kennebunk 11,536
54%
Biddeford 22,552
49%
Brunswick 21,756
49%
Orono 11,183
49%
Saco 20,381
49%
Waterville 15,828
47%
York 13,723
43%
Kittery 10,070
37%
Sanford 21,982
35%
Scarborough 22,135
34%
Westbrook 20,400
34%
Falmouth 12,444
30%
Wells 11,314
29%
Gorham 18,336
26%
Windham 18,434
24%
Standish 10,244
15%
No matching quizzes found
Score Distribution
Percent of People with Each Score
Percentile by Number Answered
Your Score History
You have not taken this quiz